World Cities by a Clue A-Z #2 - Statistics

General Stats
  • This quiz has been taken 47 times
  • The average score is 19 of 26
Answer Stats
Letter Hint Answer % Correct
O City associated with Disney World Orlando
100%
F Financial capital of Germany Frankfurt
98%
M *Home to the Kremlin Moscow
98%
C *Home to the Little Mermaid statue Copenhagen
95%
T Most populous Canadian city Toronto
95%
H Formerly named Saigon Ho Chi Minh City
93%
V 3rd most populous city in Spain Valencia
93%
W *Named after a US president Washington DC
93%
K *Most populous city on the Malay Peninsula Kuala Lumpur
91%
R *Most populous city on the Arabian Peninsula Riyadh
91%
L *One city from a Tale of Two Cities London
86%
G Closest city in China to Hong Kong and Macau Guangzhou
82%
J *Sought after in the Crusades Jerusalem
82%
P Where the Declaration of Independence was signed Philadelphia
82%
S *Most populous City-State Singapore
82%
B *Largest city on the Rio de la Plata Buenos Aires
80%
D *Furthest west point on Africa Dakar
80%
I 3rd largest city in Turkey Izmir
75%
A Where Martin Luther King jr was born Atlanta
68%
E Only Texan city in Mountain Time Zone El Paso
68%
Y Myanmar's primate city Yangon
68%
Q *The first city to become a UNESCO world heritage site Quito
45%
Z Capital of Henan Province in China Zhengzhou
30%
N *Green CIty in the Sun Nairobi
27%
U Furthest city from the Seas Urumqi
27%
X Only city in Africa that starts with X Xai-Xai
11%
No matching quizzes found
Score Distribution
Percent of People with Each Score
Percentile by Number Answered
Your Score History
You have not taken this quiz